| 000 | 00968naa a2200241 c 4500 | ||
|---|---|---|---|
| 001 | 49755 | ||
| 999 |
_c49755 _d49755 |
||
| 003 | ES-MaCES | ||
| 005 | 20180322142108.0 | ||
| 008 | 170725s2017 sp ||||| t||||||| ||spa d | ||
| 040 |
_aES-MaCES _bspa _cES-MaCES _dES-MaCES |
||
| 100 |
_97303 _aBaylos Grau, Antonio |
||
| 245 | 1 | 0 |
_a30 años de jurisprudencia social del Tribunal Supremo (1986-2016). Tendencias generales _cAntonio Pedro Baylos Grau |
| 650 | 4 |
_927165 _aderecho del trabajo |
|
| 650 | 4 |
_927166 _alegislación del trabajo |
|
| 650 | 4 |
_928624 _ajurisprudencia |
|
| 650 | 4 |
_929919 _atribunal supremo |
|
| 650 | 4 |
_926964 _aEspaña |
|
| 650 | 4 |
_938434 _a1986-2016 |
|
| 653 | 1 | 0 | _aDerecho del trabajo y Seguridad Social |
| 773 | 0 |
_986122 _dAlbacete (Concepción, 12, 2º izda., 02002) Bomarzo 1998- _o089020 _tRevista de derecho social _w(ES-MaCES)25695 _gn. 77 (en.-marzo 2017) {10693 R. 089020} ;p. 43-60 |
|
| 902 | _aART Artículo de revista | ||
| 942 |
_2CES _cAR _h6.0.1. |
||